In Ländernamen am meisten benutzte Buchstaben - Statistiken

Allgemein
  • Dieses Quiz wurde 204 mal gespielt
  • Das Durchschnittsergebnis liegt bei 8 aus 10
Antwortstatistiken
Vorkommen Buchstabe % Korrekt
232 A
99%
177 E
92%
172 I
83%
193 N
77%
96 S
77%
76 U
76%
76 O
75%
80 T
59%
105 R
58%
72 L
56%
Keine übereinstimmenden Quizze gefunden
Verteilung der Resultate
Anzahl Personen mit jedem Resultat
Perzentil nach korrekt beantworteten Fragen
Ihre Resultats-Entwicklung
Sie haben dieses Quiz noch nicht gespielt